Kaedah-kaedah Mahkamah Rendah 1980

Bibliographic Details
Corporate Author: Malaysia (Author)
Format: Book
Published: Kuala Lumpur : MDC, 1991
Subjects:

MARC

LEADER 00000cam a2200000 7i4500
001 0000002528
005 20070308093000.0
008 021118n
020 |a 9677001310 
090 0 0 |a KM8304   |b .M2 1991 (A) 
110 0 |a Malaysia   |e author 
245 0 0 |a Kaedah-kaedah Mahkamah Rendah 1980   |c compiled by MDC Legal Advisers Subordinate Courts Rules 1980 
260 2 |a Kuala Lumpur :   |b MDC, 1991 
300 |a 775p. ; ;   |c 25 cm. 
501 |a Mengandungi indeks 
501 |a Semua pindaan hingga Februari, 1991 
610 0 0 |a Malaysia   |c Mahkamah Rendah 
650 0 |a Courts   |z Malaysia 
710 0 0 |a Malaysia   |t Subordinate Courts Rules, 1980 
999 |a 1000021882   |b Legislations   |c Reference   |e Gong Badak Campus